Modulation spectroscopy (Record no. 3694)
[ view plain ]
| 000 -LEADER | |
|---|---|
| fixed length control field | 00534nam a2200193Ia 4500 |
| 003 - CONTROL NUMBER IDENTIFIER | |
| control field | IN-BaIIA |
| 008 - FIXED-LENGTH DATA ELEMENTS--GENERAL INFORMATION | |
| fixed length control field | 211028s9999 xx 000 0 eng d |
| 020 ## - INTERNATIONAL STANDARD BOOK NUMBER | |
| International Standard Book Number | 0-12-607771-1 |
| 040 ## - CATALOGING SOURCE | |
| Transcribing agency | IIA Library |
| 080 ## - UNIVERSAL DECIMAL CLASSIFICATION NUMBER | |
| Universal Decimal Classification number | 535.33 |
| Item number | CAR |
| 100 ## - MAIN ENTRY--PERSONAL NAME | |
| Personal name | Cardona, Manuel |
| 9 (RLIN) | 6557 |
| 245 #0 - TITLE STATEMENT | |
| Title | Modulation spectroscopy |
| Statement of responsibility, etc. | Manuel Cardona |
| 260 ## - PUBLICATION, DISTRIBUTION, ETC. | |
| Place of publication, distribution, etc. | New York |
| Name of publisher, distributor, etc. | Academic Press |
| Date of publication, distribution, etc. | 1969 |
| 300 ## - PHYSICAL DESCRIPTION | |
| Extent | x, 358p. |
| 490 ## - SERIES STATEMENT | |
| Series statement | Solid state physics. Supplement, v. 11 |
| 650 ## - SUBJECT ADDED ENTRY--TOPICAL TERM | |
| Topical term or geographic name entry element | Modulation-Spectroscopy |
| 9 (RLIN) | 6558 |
| 650 ## - SUBJECT ADDED ENTRY--TOPICAL TERM | |
| Topical term or geographic name entry element | Spectroscopy |
| 9 (RLIN) | 1535 |
| 942 ## - ADDED ENTRY ELEMENTS (KOHA) | |
| Koha item type | Books |
| Withdrawn status | Lost status | Damaged status | Not for loan | Home library | Current library | Shelving location | Date acquired | Cost, normal purchase price | Total Checkouts | Full call number | Barcode | Date last seen | Cost, replacement price | Price effective from | Koha item type | Purchase Price |
|---|---|---|---|---|---|---|---|---|---|---|---|---|---|---|---|---|
| IIA Library-Bangalore | IIA Library-Bangalore | General Stacks | 21/01/1971 | 139.00 | 535.33/ CAR | 4121 | 05/11/2021 | 139.00 | 21/01/1971 | Books | Rs. 139.00 |